[Event "Niedersachsen 1-Bayern 2"]
[Site "Gladenbach"]
[Date "2011.09.11"]
[Round "1.2"]
[White "Dornieden, Manfred"]
[Black "Hein, Manfred"]
[Result "1-0"]
[WhiteElo "2092"]
[BlackElo "1916"]
[PlyCount "95"]
[EventDate "2011.??.??"]
[WhiteTeam "Niedersachsen 1"]
[BlackTeam "Bayern 2"]

1. c4 Nf6 2. Nf3 c6 3. g3 d5 4. b3 Bf5 5. Bg2 h6 6. O-O e6 7. d3 Be7 8. Nbd2
O-O 9. Bb2 Nbd7 10. Re1 Bh7 11. a3 Re8 12. b4 dxc4 13. Nxc4 Rc8 14. Rc1 b6 15.
Nfe5 Nb8 16. Ne3 c5 17. Qa4 cxb4 18. axb4 a6 19. b5 a5 20. Nc6 Nxc6 21. bxc6
Bb4 22. Red1 Bd6 23. Nc4 Bc7 24. Ne5 b5 25. Qa1 Re7 26. Nd7 Ne8 27. Rc5 b4 28.
Rb5 Nd6 29. Rh5 Ne8 30. Bd4 Bg6 31. Rc5 f6 32. Qa2 Bf7 33. Qa4 e5 34. Be3 Be6
35. Bd5 Kh8 36. Bxe6 Rxe6 37. Rdc1 Nd6 38. Rd5 Qe7 39. Nc5 Nf5 40. Rd7 Qe8 41.
Nxe6 Qxe6 42. Qb5 Nd6 43. Qa6 b3 44. Bc5 b2 45. Rf1 Qb3 46. Bxd6 b1=Q 47. Qxc8+
Kh7 48. Qxc7 1-0

[Event "Niedersachsen 1-Bayern 2"]
[Site "Gladenbach"]
[Date "2011.09.11"]
[Round "1.3"]
[White "Anliker, Peter"]
[Black "Ljubarskij, Juri"]
[Result "*"]
[WhiteElo "1868"]
[BlackElo "2133"]
[PlyCount "72"]
[EventDate "2011.??.??"]
[WhiteTeam "Bayern 2"]
[BlackTeam "Niedersachsen 1"]

1. d4 d5 2. Nf3 Nf6 3. c4 c6 4. Nc3 e6 5. Bg5 Nbd7 6. e3 Bd6 7. Qc2 O-O 8. Bd3
h6 9. Bh4 Qe7 10. cxd5 exd5 11. O-O Re8 12. e4 dxe4 13. Nxe4 g5 14. Nxd6 Qxd6
15. Bg3 Qf8 16. Rfe1 Rxe1+ 17. Rxe1 Nh5 18. Bc7 Ng7 19. Bc4 Nb6 20. Bd3 Be6 21.
Bxb6 axb6 22. a3 Qd6 23. h3 Rd8 24. Bc4 b5 25. Bxe6 Nxe6 26. Qe4 Nxd4 27. Nxd4
Qxd4 28. Qe7 Rd7 29. Qe8+ Kg7 30. Re4 Qxb2 31. Qxd7 Qb1+ 32. Kh2 Qxe4 33. Qxb7
h5 34. Qa7 Qe5+ 35. Kg1 c5 36. Qa5 c4 *

[Event "Niedersachsen 1-Bayern 2"]
[Site "Gladenbach"]
[Date "2011.09.11"]
[Round "1.4"]
[White "Adibekian, Roubik"]
[Black "Ganslmayer, Herbert"]
[Result "1-0"]
[WhiteElo "2051"]
[BlackElo "1678"]
[PlyCount "65"]
[EventDate "2011.??.??"]
[WhiteTeam "Niedersachsen 1"]
[BlackTeam "Bayern 2"]

1. d4 Nf6 2. Nf3 e6 3. g3 b6 4. Bg2 Bb7 5. c4 d5 6. O-O Be7 7. Nc3 O-O 8. Ne5
c6 9. h3 Qc7 10. Be3 dxc4 11. Nxc4 Nd5 12. Nxd5 exd5 13. Ne5 f6 14. Nd3 Bd6 15.
Bf4 Re8 16. Rc1 Bxf4 17. Nxf4 Qd6 18. a3 Nd7 19. Re1 Nf8 20. e3 Ne6 21. Nxe6
Rxe6 22. Qb3 Rae8 23. Rc3 R8e7 24. Rec1 Kf8 25. Qa4 Ba8 26. b4 f5 27. b5 cxb5
28. Qxb5 g5 29. Rc8+ Re8 30. Rxa8 Rxa8 31. Bxd5 Rae8 32. Rc6 Qd7 33. Bxe6 1-0

[Event "Niedersachsen 2-Hamburg"]
[Site "Gladenbach"]
[Date "2011.09.11"]
[Round "1.1"]
[White "Jacoby, Gisbert"]
[Black "Hilburt, Leonid"]
[Result "0-1"]
[WhiteElo "2091"]
[BlackElo "1994"]
[PlyCount "64"]
[EventDate "2011.??.??"]
[WhiteTeam "Hamburg"]
[BlackTeam "Niedersachsen 2"]

1. d4 d5 2. c4 e6 3. Nc3 Nf6 4. cxd5 exd5 5. Bg5 Nbd7 6. e3 c6 7. Bd3 Bd6 8.
Qc2 h6 9. Bh4 O-O 10. Nge2 Re8 11. h3 Nf8 12. g4 Ne6 13. O-O-O b5 14. f4 g5 15.
fxg5 Nxg5 16. Bxg5 hxg5 17. h4 Nxg4 18. Rdg1 Nxe3 19. Qd2 g4 20. Nd1 Qe7 21.
Nf2 f5 22. Nh3 Nc4 23. Qc2 Qe3+ 24. Kb1 Qd2 25. Ng3 Bxg3 26. Bxc4 Re1+ 27. Rxe1
Bxe1 28. Bb3 Qxc2+ 29. Kxc2 Bxh4 30. Nf4 Bf2 31. Nxd5 Kg7 32. Nc7 Rb8 {Rest
nicht rekonstruierbar} 0-1

[Event "Niedersachsen 2-Hamburg"]
[Site "Gladenbach"]
[Date "2011.09.11"]
[Round "1.2"]
[White "Rickers, Gerd"]
[Black "Engelbert, Christoph"]
[Result "1/2-1/2"]
[WhiteElo "1902"]
[BlackElo "2090"]
[PlyCount "27"]
[EventDate "2011.??.??"]
[WhiteTeam "Niedersachsen 2"]
[BlackTeam "Hamburg"]

1. d4 g6 2. Nf3 Bg7 3. b3 c5 4. Bb2 Nc6 5. e3 cxd4 6. Nxd4 Nxd4 7. Bxd4 Nf6 8.
Be2 O-O 9. O-O d5 10. Nd2 Bf5 11. Nf3 Qc7 12. c4 dxc4 13. Rc1 Rfd8 14. Rxc4
1/2-1/2

[Event "Niedersachsen 2-Hamburg"]
[Site "Gladenbach"]
[Date "2011.09.11"]
[Round "1.3"]
[White "Horn, Peter"]
[Black "Davydov, Mihail"]
[Result "1/2-1/2"]
[WhiteElo "2096"]
[BlackElo "1891"]
[PlyCount "53"]
[EventDate "2011.??.??"]
[WhiteTeam "Hamburg"]
[BlackTeam "Niedersachsen 2"]

1. c4 e5 2. g3 Nf6 3. Bg2 Nc6 4. Nc3 Bb4 5. Nd5 Bc5 6. e3 O-O 7. Ne2 Nxd5 8.
cxd5 Ne7 9. O-O d6 10. d4 exd4 11. Nxd4 Bd7 12. e4 Qc8 13. Be3 Bh3 14. Rc1 Bxg2
15. Kxg2 Qd7 16. Qd2 Rac8 17. b4 Bb6 18. f3 Rfd8 19. Rc2 h6 20. Rfc1 Kh7 21. g4
c6 22. dxc6 bxc6 23. Ne2 d5 24. exd5 Nxd5 25. Bxb6 axb6 26. Nf4 Nxf4+ 27. Qxf4
1/2-1/2

[Event "Niedersachsen 2-Hamburg"]
[Site "Gladenbach"]
[Date "2011.09.11"]
[Round "1.4"]
[White "Rychlik, Kurt"]
[Black "Schulz, Wolfgang"]
[Result "0-1"]
[WhiteElo "1896"]
[BlackElo "2005"]
[PlyCount "120"]
[EventDate "2011.??.??"]
[WhiteTeam "Niedersachsen 2"]
[BlackTeam "Hamburg"]

1. e4 e5 2. Nf3 Nc6 3. Bb5 a6 4. Ba4 Nf6 5. O-O Be7 6. Re1 b5 7. Bb3 O-O 8. a4
b4 9. a5 d6 10. h3 Be6 11. c4 bxc3 12. dxc3 Rb8 13. Bxe6 fxe6 14. Nbd2 Qc8 15.
Qe2 Rb5 16. Nc4 h6 17. b4 Qe8 18. Na3 Rb8 19. Qxa6 Ra8 20. Qe2 Nh5 21. Nc4 Na7
22. Be3 Nf4 23. Bxf4 Rxf4 24. g3 Rf7 25. Ncd2 Nb5 26. c4 Nd4 27. Nxd4 exd4 28.
f4 g5 29. Qg4 e5 30. f5 d5 31. c5 Qb5 32. Rab1 Qd3 33. Nf3 h5 34. Nxe5 Qxb1 35.
Rxb1 hxg4 36. hxg4 dxe4 37. c6 Bd6 38. Nc4 Bxg3 39. b5 e3 40. Kg2 Bf4 41. Kf3
d3 42. b6 cxb6 43. axb6 Re8 44. Nb2 e2 45. Nxd3 Re3+ 46. Kf2 Rxd3 47. Kxe2 Rd2+
48. Kf3 Re7 49. Rb3 Ree2 50. c7 Rf2+ 51. Ke4 Rc2 52. Kd5 Bxc7 53. bxc7 Rxc7 54.
Rb6 Re2 55. Rg6+ Rg7 56. Rb6 Rd7+ 57. Kc6 Rd4 58. Kc5 Rxg4 59. Rb8+ Kf7 60.
Rb7+ Kf6 0-1

[Event "Württemberg 1-Mecklenburg VP 1"]
[Site "Gladenbach"]
[Date "2011.09.11"]
[Round "1.1"]
[White "Wiemer, Jürgen"]
[Black "Frick, Christoph"]
[Result "0-1"]
[WhiteElo "1972"]
[BlackElo "2205"]
[PlyCount "120"]
[EventDate "2011.??.??"]
[WhiteTeam "Mecklenburg VP 1"]
[BlackTeam "Württemberg 1"]

1. e4 g6 2. d4 Bg7 3. f4 d5 4. e5 h5 5. Nf3 Nh6 6. Be3 Bg4 7. Be2 Nd7 8. Nbd2
e6 9. Bf2 Nf5 10. h3 Bxf3 11. Nxf3 h4 12. O-O Bf8 13. c3 c6 14. Bd3 Be7 15. Re1
Qc7 16. b4 O-O-O 17. a4 Kb8 18. Re2 Rdg8 19. b5 c5 20. a5 Qc8 21. a6 b6 22. Rc1
c4 23. Bb1 Nf8 24. Qd2 Qd7 25. Qb2 Ng7 26. Nh2 Nh5 27. Be3 Ng3 28. Rf2 Nh7 29.
Nf3 Nf5 30. Bd2 Qe8 31. Re1 Qd7 32. Bc1 Ng7 33. Nh2 Ne8 34. Ng4 Nc7 35. Qa1
Qxb5 36. Ra2 Qd7 37. Bc2 Ka8 38. Ba3 Rb8 39. Rb1 Bxa3 40. Rxa3 b5 41. Ra5 Rb6
42. Qa3 Rhb8 43. Ra1 Qe8 44. Bd1 Qf8 45. Qa2 Qe7 46. Bf3 Nf8 47. Ne3 Rd8 48.
Nc2 Nd7 49. Nb4 Nb8 50. Qb2 Qd7 51. R1a2 Nc6 52. Nxc6 Qxc6 53. Qb4 Qd7 54. Kh2
Re8 55. Qa3 Qe7 56. Qc1 Kb8 57. g3 hxg3+ 58. Kxg3 Kc8 59. Ra1 Kd7 60. Qd1 Rh8
0-1

[Event "Württemberg 1-Mecklenburg VP 1"]
[Site "Gladenbach"]
[Date "2011.09.11"]
[Round "1.2"]
[White "Rädeker, Bernd"]
[Black "Jabbusch, Burkhard"]
[Result "1-0"]
[WhiteElo "2096"]
[BlackElo "1879"]
[PlyCount "91"]
[EventDate "2011.??.??"]
[WhiteTeam "Württemberg 1"]
[BlackTeam "Mecklenburg VP 1"]

1. d4 f5 2. g3 Nf6 3. Bg2 d5 4. Nf3 e6 5. O-O c5 6. b3 cxd4 7. Bb2 Nc6 8. Nxd4
Bd6 9. c4 Nxd4 10. Bxd4 dxc4 11. bxc4 O-O 12. Nd2 e5 13. Bc3 Qe7 14. e4 fxe4
15. Nxe4 Nxe4 16. Bxe4 Rb8 17. Qh5 h6 18. Qg6 Rf6 19. Qh7+ Kf7 20. f4 exf4 21.
Bd5+ Be6 22. Bxf6 Qxf6 23. Qe4 Bxd5 24. Qxd5+ Qe6 25. Rad1 Qxd5 26. Rxd5 Be7
27. Rxf4+ Bf6 28. Re4 a6 29. Rd7+ Kg6 30. Kg2 b5 31. cxb5 axb5 32. Rb4 Ra8 33.
Rd2 Bc3 34. Rg4+ Kh7 35. Rc2 b4 36. Kf3 Ra3 37. Ke2 Ra5 38. Kd3 Ra7 39. Kc4 Ra8
40. Re4 Ra5 41. Re3 Bf6 42. Kxb4 Ra7 43. a4 Rb7+ 44. Kc4 Bd8 45. Ra2 Ra7 46.
Re5 1-0

[Event "Württemberg 1-Mecklenburg VP 1"]
[Site "Gladenbach"]
[Date "2011.09.11"]
[Round "1.3"]
[White "Krüger, Gerhard"]
[Black "Weisenburger, Horst"]
[Result "1/2-1/2"]
[WhiteElo "1908"]
[BlackElo "2063"]
[PlyCount "50"]
[EventDate "2011.??.??"]
[WhiteTeam "Mecklenburg VP 1"]
[BlackTeam "Württemberg 1"]

1. e4 d5 2. exd5 Qxd5 3. Nc3 Qd6 4. d4 Nf6 5. h3 a6 6. Nf3 b5 7. a3 Bb7 8. Be3
Nbd7 9. Be2 e5 10. dxe5 Nxe5 11. Nxe5 Qxe5 12. Bf3 Rd8 13. Qe2 Nd5 14. Nxd5
Bxd5 15. Bxd5 Rxd5 16. Bf4 Qxe2+ 17. Kxe2 Be7 18. Rad1 $11 Rc5 19. c3 g5 20.
Be3 Re5 21. Kf3 O-O 22. Rhe1 f5 23. Bd4 Rxe1 24. Rxe1 Rf7 25. Re6 Bd6 1/2-1/2

[Event "Württemberg 1-Mecklenburg VP 1"]
[Site "Gladenbach"]
[Date "2011.09.11"]
[Round "1.4"]
[White "Gerstenberger, Heinz"]
[Black "Kühn, Peter"]
[Result "1/2-1/2"]
[WhiteElo "2055"]
[BlackElo "1826"]
[PlyCount "131"]
[EventDate "2011.??.??"]
[WhiteTeam "Württemberg 1"]
[BlackTeam "Mecklenburg VP 1"]

1. b3 e5 2. Bb2 d6 3. e3 f5 4. d4 e4 5. c4 Nf6 6. Nc3 Be7 7. Nh3 c6 8. Nf4 O-O
9. h4 Qe8 10. Be2 Na6 11. Qd2 Nc7 12. g3 d5 13. cxd5 cxd5 14. Qc2 Bb4 15. a3
Bxc3+ 16. Qxc3 Ne6 17. Nxe6 Bxe6 18. Qb4 Qf7 19. Rc1 Rac8 20. Kd2 Rfd8 21. Rxc8
Rxc8 22. Rc1 Rxc1 23. Bxc1 Ne8 24. Qc5 b6 25. Qc6 Qd7 26. Bb5 Qxc6 27. Bxc6 Nf6
28. a4 Kf7 29. Ba3 Bd7 30. Bb7 Ke6 31. Bf8 Ne8 32. Ba6 g6 33. Bh6 Nd6 34. Bf4
Bc6 35. Kc3 Bd7 36. Kb4 Bc6 37. Be2 a5+ 38. Kc3 Kd7 39. h5 Ke6 40. hxg6 hxg6
41. g4 Ke7 42. gxf5 gxf5 43. Bh5 b5 44. axb5 Nxb5+ 45. Kb2 Nd6 46. Bd1 Kd7 47.
Bh5 Ke6 48. Bg3 Bd7 49. Bd1 Bc6 50. Bh4 Kd7 51. f3 exf3 52. Bxf3 a4 53. bxa4
Nc4+ 54. Kc3 Nxe3 55. a5 Nc4 56. Kb4 Nd2 57. Be2 Kc7 58. Bf6 Kb7 59. Be5 Ne4
60. Bh5 Nd2 61. Bf4 Ne4 62. Bg6 Bd7 63. Bf7 Kc6 64. Bh5 Kb7 65. Bf3 Kc6 66. Be2
1/2-1/2

[Event "Rheinlandpfalz-Sachsen"]
[Site "Gladenbach"]
[Date "2011.09.11"]
[Round "1.1"]
[White "Bodach, Hans"]
[Black "Müller, Lutz"]
[Result "1-0"]
[WhiteElo "2113"]
[BlackElo "1908"]
[PlyCount "45"]
[EventDate "2011.??.??"]
[WhiteTeam "Sachsen"]
[BlackTeam "Rheinlandpfalz"]

1. e4 c5 2. Ne2 Nc6 3. Nbc3 g6 4. g3 Bg7 5. Bg2 e6 6. O-O Nge7 7. d3 d5 8. exd5
exd5 9. Bg5 h6 10. Bf4 O-O 11. Qc1 Kh7 12. Re1 Bg4 13. h3 Bxe2 14. Nxe2 Re8 15.
Bd2 Qb6 16. c3 Rad8 17. Nf4 Ne5 18. Qc2 d4 19. c4 g5 20. Nh5 Bh8 21. f4 Qg6 22.
g4 gxf4 23. Bxf4 1-0

[Event "Rheinlandpfalz-Sachsen"]
[Site "Gladenbach"]
[Date "2011.09.11"]
[Round "1.3"]
[White "Weidlich, Günter"]
[Black "Walter, Berthold"]
[Result "1-0"]
[WhiteElo "2110"]
[BlackElo "1910"]
[PlyCount "83"]
[EventDate "2011.??.??"]
[WhiteTeam "Sachsen"]
[BlackTeam "Rheinlandpfalz"]

1. d4 Nf6 2. Nf3 e6 3. c4 Bb4+ 4. Bd2 Bxd2+ 5. Qxd2 d6 6. Nc3 Nbd7 7. e3 e5 8.
Qc2 c6 9. Be2 Qe7 10. O-O O-O 11. Rfd1 e4 12. Nd2 Re8 13. b4 Nf8 14. Re1 Bf5
15. Qb3 Rad8 16. a4 N8d7 17. a5 a6 18. Rab1 c5 19. bxc5 dxc5 20. d5 Rb8 21. Na4
Qd6 22. Rb2 Ng4 23. Nf1 Nge5 24. Ng3 Bg6 25. Qc3 Nd3 26. Bxd3 exd3 27. e4 f5
28. Qxd3 fxe4 29. Nxe4 Qc7 30. Nb6 Ne5 31. Qg3 Qe7 32. Rbe2 Bh5 33. Re3 Ng4 34.
Rc3 Rbd8 35. h3 Nh6 36. f3 Nf5 37. Qf2 Bg6 38. Rcc1 Nd4 39. Na4 Bxe4 40. Rxe4
Qd6 41. Nxc5 Qxc5 42. Qxd4 1-0

[Event "Rheinlandpfalz-Sachsen"]
[Site "Gladenbach"]
[Date "2011.09.11"]
[Round "1.4"]
[White "Neumann, Horst"]
[Black "Lenk, Wolfgang"]
[Result "0-1"]
[WhiteElo "1764"]
[BlackElo "2071"]
[PlyCount "90"]
[EventDate "2011.??.??"]
[WhiteTeam "Rheinlandpfalz"]
[BlackTeam "Sachsen"]

1. d4 Nf6 2. Nf3 g6 3. Bg5 Bg7 4. Nbd2 O-O 5. e4 d6 6. Be2 b6 7. c4 c5 8. d5 h6
9. Bxf6 Bxf6 10. Qc2 Na6 11. a3 Nc7 12. Rb1 e6 13. O-O Bg7 14. Rfe1 e5 15. Bd3
f5 16. b4 f4 17. h3 Ne8 18. bxc5 bxc5 19. Qa4 g5 20. Nh2 a5 21. Rb2 Bd7 22. Qc2
Nf6 23. Be2 Rf7 24. Reb1 Bf8 25. Rb7 Qe8 26. Bd1 h5 27. f3 Bc8 28. Rb8 Rfa7 29.
Rxa8 Rxa8 30. Qb2 Qg6 31. Qb6 Bd7 32. Qc7 a4 33. Rb8 Rxb8 34. Qxb8 g4 35. hxg4
hxg4 36. fxg4 Bxg4 37. Bxg4 Nxg4 38. Nxg4 Qxg4 39. Nf3 Qg6 40. Qa8 Qxe4 41.
Qxa4 Qe3+ 42. Kh1 e4 43. Ng1 f3 44. gxf3 exf3 45. Qc2 Qh6+ 0-1

[Event "Sachsen Anhalt 1-Schleswig Holstein 2"]
[Site "Gladenbach"]
[Date "2011.09.11"]
[Round "1.1"]
[White "Böhm, Eckart"]
[Black "Liebert, Heinz"]
[Result "*"]
[WhiteElo "1916"]
[BlackElo "2163"]
[PlyCount "64"]
[EventDate "2011.??.??"]
[WhiteTeam "Schleswig Holstein 2"]
[BlackTeam "Sachsen Anhalt 1"]

1. e4 c5 2. Nc3 Nc6 3. g3 g6 4. Bg2 Bg7 5. d3 d6 6. Be3 e5 7. Qd2 Be6 8. Nf3
Nd4 9. Ng5 Bd7 10. f4 f6 11. Nf3 Ne7 12. O-O O-O 13. Rae1 Be6 14. h3 Qd7 15.
Kh2 Rae8 16. a3 b6 17. Nh4 exf4 18. gxf4 f5 19. Nf3 Nxf3+ 20. Rxf3 d5 21. exd5
Nxd5 22. Bf2 Nxc3 23. bxc3 Bd5 24. Rfe3 Bxg2 25. Kxg2 Rxe3 26. Rxe3 Qa4 27. c4
Qxa3 28. d4 Qa4 29. Re7 Qxc4 30. d5 Bd4 31. Rd7 Re8 32. Kf3 Qf1 *

[Event "Sachsen Anhalt 1-Schleswig Holstein 2"]
[Site "Gladenbach"]
[Date "2011.09.11"]
[Round "1.2"]
[White "Neukirch, Detlef"]
[Black "Lehmann, Erwin"]
[Result "1-0"]
[WhiteElo "2144"]
[BlackElo "1931"]
[PlyCount "85"]
[EventDate "2011.??.??"]
[WhiteTeam "Sachsen Anhalt 1"]
[BlackTeam "Schleswig Holstein 2"]

1. e4 d5 2. exd5 Qxd5 3. Nc3 Qa5 4. d4 Nf6 5. Bc4 Nc6 6. Nf3 Bg4 7. h3 Qh5 8.
Bb5 O-O-O 9. Bxc6 bxc6 10. Qd3 Bxf3 11. gxf3 Kb7 12. Bf4 g6 13. O-O-O Bh6 14.
Bxh6 Qxh6+ 15. Kb1 Qf4 16. Na4 Ka8 17. Rhe1 Qd6 18. Qa6 Nd5 19. c4 Nf4 20. Rxe7
g5 21. Re5 Qg6+ 22. Ka1 c5 23. Nxc5 Qxa6 24. Nxa6 Ne6 25. Rxe6 fxe6 26. Nxc7+
Kb8 27. Nxe6 Rc8 28. b3 Rhg8 29. d5 Rg6 30. Rd4 h6 31. Kb2 Rf6 32. Rd3 Rg8 33.
Kc3 Kc8 34. Kd4 Re8 35. Ke5 Rf4 36. c5 Rh4 37. Kf6 Kd7 38. Kf7 Rc8 39. c6+ Kd6
40. Ng7 Rxh3 41. Nf5+ Kc7 42. d6+ Kxc6 43. Ne7+ 1-0

[Event "Sachsen Anhalt 1-Schleswig Holstein 2"]
[Site "Gladenbach"]
[Date "2011.09.11"]
[Round "1.3"]
[White "Meyer, Heinz"]
[Black "Csulits, Anton"]
[Result "0-1"]
[WhiteElo "1852"]
[BlackElo "2051"]
[PlyCount "82"]
[EventDate "2011.??.??"]
[WhiteTeam "Schleswig Holstein 2"]
[BlackTeam "Sachsen Anhalt 1"]

1. d4 Nf6 2. Nf3 g6 3. c4 Bg7 4. g3 O-O 5. Bg2 d6 6. O-O c6 7. Nc3 Nbd7 8. b3
e5 9. dxe5 dxe5 10. e4 Qe7 11. Qc2 Nc5 12. Ba3 b6 13. h3 Re8 14. Rfe1 Bf8 15.
Na4 Qb7 16. Nxc5 bxc5 17. Bb2 Nd7 18. Rad1 a5 19. h4 a4 20. Bh3 Bg7 21. Rd3
axb3 22. axb3 Qc7 23. Ra1 Rxa1+ 24. Bxa1 Nf8 25. Bxc8 Rxc8 26. Qd2 h6 27. Qd1
Ne6 28. Bb2 Nd4 29. Nxd4 cxd4 30. Qa1 Qb7 31. Kg2 c5 32. f3 f5 33. Qe1 Ra8 34.
g4 Ra2 35. Qb1 fxe4 36. Qxa2 exd3 37. Bc1 e4 38. Qa4 e3 39. Qe8+ Kh7 40. h5
gxh5 41. gxh5 d2 0-1

[Event "Sachsen Anhalt 1-Schleswig Holstein 2"]
[Site "Gladenbach"]
[Date "2011.09.11"]
[Round "1.4"]
[White "Werchan, Hans"]
[Black "Gehrmann, Dorit"]
[Result "1-0"]
[WhiteElo "2019"]
[BlackElo "1836"]
[PlyCount "98"]
[EventDate "2011.??.??"]
[WhiteTeam "Sachsen Anhalt 1"]
[BlackTeam "Schleswig Holstein 2"]

1. Nf3 Nf6 2. c4 e6 3. g3 d5 4. Bg2 Bd6 5. O-O O-O 6. d4 Nbd7 7. c5 Be7 8. Nc3
a5 9. Qa4 c6 10. b4 b5 11. Qb3 axb4 12. Qxb4 Bb7 13. Bd2 Nb6 14. Ne5 Nfd7 15.
Nxd7 Qxd7 16. Rfd1 Ra6 17. e3 Nc4 18. Bf1 Nxd2 19. Rxd2 Qc7 20. a4 Ra5 21. Rb1
Rb8 22. axb5 cxb5 23. Nxb5 Qd8 24. Rdb2 Ba6 25. Qd2 g6 26. Nc3 Rxb2 27. Qxb2
Bc8 28. Qb8 Kg7 29. Rb6 Ra1 30. Kg2 Qd7 31. Bb5 Qd8 32. h4 Rc1 33. Ne2 Rc2 34.
h5 Rb2 35. Bd3 Rxb6 36. cxb6 Bd6 37. Qa7 Qe7 38. hxg6 hxg6 39. Ba6 Bxa6 40.
Qxa6 Bb8 41. Qc8 Qd6 42. Qc5 Kf8 43. Nc3 Ke8 44. Qc8+ Qd8 45. b7 Ke7 46. Nb5
Ke8 47. f4 Ke7 48. Kf3 Ke8 49. Kg4 Ke7 1-0

[Event "Bremen-Brandenburg"]
[Site "Gladenbach"]
[Date "2011.09.11"]
[Round "1.1"]
[White "Walter, Günter"]
[Black "Schoene, Armin"]
[Result "1/2-1/2"]
[WhiteElo "2185"]
[BlackElo "2017"]
[PlyCount "63"]
[EventDate "2011.??.??"]
[WhiteTeam "Brandenburg"]
[BlackTeam "Bremen"]

1. e4 d5 2. exd5 Qxd5 3. Nc3 Qd6 4. Bc4 Nf6 5. d3 a6 6. Nf3 b5 7. Bb3 Bb7 8.
Qe2 Nbd7 9. Ng5 e6 10. Nge4 Qb6 11. Be3 c5 12. a4 Qc6 13. axb5 axb5 14. Rxa8+
Bxa8 15. f3 Be7 16. O-O Nd5 17. Nxd5 exd5 18. Ng3 O-O 19. c3 Bf6 20. d4 Re8 21.
Qd2 g6 22. Bf2 c4 23. Bc2 Nf8 24. Re1 Rxe1+ 25. Qxe1 Qe6 26. f4 Bc6 27. Qe3
Qxe3 28. Bxe3 Kg7 29. f5 h6 30. Kf2 Be7 31. Bf4 Nd7 32. Kf3 1/2-1/2

[Event "Bremen-Brandenburg"]
[Site "Gladenbach"]
[Date "2011.09.11"]
[Round "1.2"]
[White "Gerhardt, Peter-Michael"]
[Black "Grottke, Hans-Joachim"]
[Result "0-1"]
[WhiteElo "1916"]
[BlackElo "2178"]
[PlyCount "44"]
[EventDate "2011.??.??"]
[WhiteTeam "Bremen"]
[BlackTeam "Brandenburg"]

1. d4 d5 2. c4 c6 3. Nc3 Nf6 4. Nf3 dxc4 5. a4 Bf5 6. e3 e6 7. Bxc4 Bb4 8. O-O
O-O 9. Bd2 a5 10. Ne5 Nbd7 11. f4 c5 12. Nxd7 Qxd7 13. Nb5 Bxd2 14. Qxd2 Rfd8
15. Rfd1 b6 16. Bd3 Bxd3 17. Qxd3 Rac8 18. b3 cxd4 19. Qxd4 Qxd4 20. Rxd4 Rxd4
21. Nxd4 Rc3 22. Re1 Ne4 0-1

[Event "Bremen-Brandenburg"]
[Site "Gladenbach"]
[Date "2011.09.11"]
[Round "1.3"]
[White "Tröger, Rainer"]
[Black "Pundt, Wilfried"]
[Result "1/2-1/2"]
[WhiteElo "2060"]
[BlackElo "1760"]
[PlyCount "51"]
[EventDate "2011.??.??"]
[WhiteTeam "Brandenburg"]
[BlackTeam "Bremen"]

1. Nf3 e6 2. g3 Nf6 3. d3 d5 4. Nbd2 Be7 5. Bg2 O-O 6. e4 Nc6 7. O-O e5 8. Re1
dxe4 9. dxe4 Bg4 10. h3 Be6 11. c3 h6 12. Qe2 Qd7 13. Kh2 Rad8 14. Qb5 Qc8 15.
Nxe5 Nxe5 16. Qxe5 a6 17. Qf4 Rd3 18. Bf1 Rfd8 19. Bxd3 Rxd3 20. e5 g5 21. Qa4
Nh5 22. Qe4 Bf5 23. Qe2 Nf4 24. gxf4 Rxh3+ 25. Kg2 Bd3 26. Qd1 1/2-1/2

[Event "Bremen-Brandenburg"]
[Site "Gladenbach"]
[Date "2011.09.11"]
[Round "1.4"]
[White "Dietrich, Igor"]
[Black "Rödel, Egmar"]
[Result "1/2-1/2"]
[WhiteElo "1716"]
[BlackElo "1908"]
[PlyCount "48"]
[EventDate "2011.??.??"]
[WhiteTeam "Bremen"]
[BlackTeam "Brandenburg"]

1. e4 c5 2. d4 cxd4 3. c3 dxc3 4. Nxc3 Nc6 5. Nf3 e6 6. Bc4 Qc7 7. Qe2 d6 8.
Bf4 a6 9. O-O Nf6 10. Rfd1 Ne5 11. Bb3 Be7 12. Rac1 Qb8 13. Nxe5 dxe5 14. Be3
b5 15. Rd2 O-O 16. a3 Bb7 17. f3 h6 18. Rcd1 Qc7 19. Qf2 Rac8 20. Ne2 Bc5 21.
Rc2 Bxe3 22. Qxe3 Qe7 23. Rdc1 Rxc2 24. Rxc2 Rc8 1/2-1/2

[Event "Hessen 2-Mecklenburg VP 2"]
[Site "Gladenbach"]
[Date "2011.09.11"]
[Round "1.1"]
[White "Pamperin, Gerhard"]
[Black "Zunker, Reinhard"]
[Result "0-1"]
[WhiteElo "1805"]
[BlackElo "2019"]
[PlyCount "58"]
[EventDate "2011.??.??"]
[WhiteTeam "Mecklenburg VP 2"]
[BlackTeam "Hessen 2"]

1. d4 d6 2. Nf3 g6 3. c4 Bg7 4. Nc3 c6 5. e3 Nd7 6. Be2 e5 7. dxe5 dxe5 8. e4
Ngf6 9. O-O O-O 10. Qc2 Re8 11. h3 Nh5 12. Rd1 Qe7 13. Bg5 f6 14. Be3 Nf8 15.
Qd2 Ne6 16. g3 Bf8 17. Kg2 Nhg7 18. Qc2 g5 19. Ng1 Qf7 20. Rd2 f5 21. exf5 Nxf5
22. Rf1 Ned4 23. Qd1 Nxe2 24. Qxe2 Qg6 25. Rfd1 Be6 26. b3 Bb4 27. Rd3 Nd4 28.
Qb2 c5 29. Bd2 Qxd3 0-1

[Event "Hessen 2-Mecklenburg VP 2"]
[Site "Gladenbach"]
[Date "2011.09.11"]
[Round "1.2"]
[White "Limberg, Siegfried"]
[Black "Nauschütz, Ernst"]
[Result "1/2-1/2"]
[WhiteElo "2032"]
[BlackElo "1844"]
[PlyCount "79"]
[EventDate "2011.??.??"]
[WhiteTeam "Hessen 2"]
[BlackTeam "Mecklenburg VP 2"]

1. d4 Nf6 2. Nf3 e6 3. e3 c5 4. Bd3 b6 5. O-O Bb7 6. Nbd2 d5 7. b3 Be7 8. Bb2
O-O 9. Ne5 Nc6 10. f4 cxd4 11. exd4 Nb4 12. Be2 Rc8 13. c3 Nc6 14. Bd3 Nxe5 15.
fxe5 Ne4 16. Bxe4 dxe4 17. Qe2 Qd5 18. Rf2 Bh4 19. Rf4 Bg5 20. Rg4 Bxd2 21.
Qxd2 f5 22. exf6 Rxf6 23. c4 Qf5 24. Rg5 Qf4 25. Qxf4 Rxf4 26. Rf1 Rxf1+ 27.
Kxf1 g6 28. Ke2 Kf7 29. Rg4 Rc7 30. Rh4 Kg8 31. Rf4 Rf7 32. Bc1 Rf5 33. g4 Rxf4
34. Bxf4 Kf7 35. g5 Ke7 36. Ke3 Kd7 37. b4 a6 38. a3 b5 39. c5 Bd5 40. Bg3
1/2-1/2

[Event "Hessen 2-Mecklenburg VP 2"]
[Site "Gladenbach"]
[Date "2011.09.11"]
[Round "1.3"]
[White "Krieg, Peter"]
[Black "Kripp, Wolfgang"]
[Result "0-1"]
[WhiteElo "1738"]
[BlackElo "1963"]
[PlyCount "54"]
[EventDate "2011.??.??"]
[WhiteTeam "Mecklenburg VP 2"]
[BlackTeam "Hessen 2"]

1. e4 Nf6 2. Nc3 e5 3. f4 d5 4. exd5 e4 5. d3 Bb4 6. a3 Bxc3+ 7. bxc3 Qxd5 8.
Ne2 O-O 9. c4 Qc5 10. h3 Re8 11. Bb2 exd3 12. cxd3 Nh5 13. Be5 f6 14. g4 fxe5
15. gxh5 exf4 16. d4 Qxh5 17. Kd2 f3 18. Nf4 Qa5+ 19. Kc2 Qf5+ 20. Nd3 Nc6 21.
Kc3 Nxd4 22. Nb4 c5 23. Nd5 Qe5 24. Bd3 Be6 25. Re1 Ne2+ 26. Kc2 Bxd5 27. Bxe2
f2 0-1

[Event "Hessen 2-Mecklenburg VP 2"]
[Site "Gladenbach"]
[Date "2011.09.11"]
[Round "1.4"]
[White "Biller, Helmut"]
[Black "Segebarth, Bernd"]
[Result "1/2-1/2"]
[WhiteElo "1973"]
[BlackElo "1646"]
[PlyCount "44"]
[EventDate "2011.??.??"]
[WhiteTeam "Hessen 2"]
[BlackTeam "Mecklenburg VP 2"]

1. d4 e6 2. Nf3 f5 3. g3 Nf6 4. Bg2 Be7 5. O-O O-O 6. c4 Ne4 7. b3 Bf6 8. Bb2
b6 9. Nbd2 Bb7 10. Qc2 Nxd2 11. Qxd2 d6 12. Ne1 Bxg2 13. Nxg2 Nd7 14. Nf4 Qe7
15. Qc2 Bg5 16. Ng2 f4 17. Qe4 Nf6 18. Qf3 fxg3 19. hxg3 Nd7 20. Qd3 e5 21.
dxe5 Nxe5 22. Bxe5 Qxe5 1/2-1/2

[Event "Niedersachsen 1-Hessen 1"]
[Site "Gladenbach"]
[Date "2011.09.12"]
[Round "2.1"]
[White "Donchenko, Anatoly"]
[Black "Clemens, Christian"]
[Result "1/2-1/2"]
[WhiteElo "2329"]
[BlackElo "2241"]
[PlyCount "29"]
[EventDate "2011.??.??"]
[WhiteTeam "Hessen 1"]
[BlackTeam "Niedersachsen 1"]

1. Nf3 f5 2. d4 Nf6 3. g3 e6 4. Bg2 d5 5. Bf4 Bd6 6. Qc1 O-O 7. O-O b6 8. c3
Bb7 9. a4 Nc6 10. Na3 Qe7 11. Nb5 Bxf4 12. Qxf4 a6 13. Na3 Rae8 14. Rac1 Ne4
15. h4 1/2-1/2